<?xml version='1.0' encoding='UTF-8'?>
  <record xmlns="http://www.loc.gov/MARC21/slim">
    <leader>00000cam a22000007i 4500</leader>
    <controlfield tag="001">ocm65050017</controlfield>
    <controlfield tag="003">OCoLC</controlfield>
    <controlfield tag="005">20250921031048.5</controlfield>
    <controlfield tag="008">900403s1751    ne            000 0 dut d</controlfield>
    <datafield tag="040" ind1=" " ind2=" ">
      <subfield code="a">NLGGC</subfield>
      <subfield code="b">dut</subfield>
      <subfield code="e">fobidrtb</subfield>
      <subfield code="c">NLGGC</subfield>
      <subfield code="d">QGJ</subfield>
      <subfield code="d">OCLCA</subfield>
      <subfield code="d">OCLCL</subfield>
      <subfield code="d">OCLCQ</subfield>
    </datafield>
    <datafield tag="026" ind1=" " ind2=" ">
      <subfield code="e">175108 - a1 *2 be : a2 *4 re - b1 A d : b2 T2 CB</subfield>
      <subfield code="2">stcnf</subfield>
    </datafield>
    <datafield tag="029" ind1="0" ind2=" ">
      <subfield code="a">NLGGC</subfield>
      <subfield code="b">060943246</subfield>
    </datafield>
    <datafield tag="035" ind1=" " ind2=" ">
      <subfield code="a">(OCoLC)65050017</subfield>
    </datafield>
    <datafield tag="041" ind1="1" ind2=" ">
      <subfield code="a">dut</subfield>
      <subfield code="h">lat</subfield>
    </datafield>
    <datafield tag="100" ind1="0" ind2=" ">
      <subfield code="a">Euclides,</subfield>
      <subfield code="d">ca. 330-ca. 275 v. Chr.</subfield>
    </datafield>
    <datafield tag="245" ind1="1" ind2="3">
      <subfield code="a">De zes eerste, elfde en twaalfde boeken Euclidis, vertonende de voornaamste gronden en eygenschappen der wydberoemde en voortreffelyke meetkonst :</subfield>
      <subfield code="b">waar by gevoegd een toegift, om vierkanten in driehoeken; en een agthoek in een vierkant te beschryven : mitsgaders een aanhang, vervattende de transformatien, additien, substractien, multiplicatien en divisien in figuren /</subfield>
      <subfield code="c">alles op een korte, en wiskonstige manier gedemonstreert, door Pieter Warius.</subfield>
    </datafield>
    <datafield tag="250" ind1=" " ind2=" ">
      <subfield code="a">3den dr., verb. en van voorgaande drukfouten gezuyvert.</subfield>
    </datafield>
    <datafield tag="260" ind1=" " ind2=" ">
      <subfield code="a">Tot Amsterdam :</subfield>
      <subfield code="b">by Joannes van Keulen,</subfield>
      <subfield code="c">1751.</subfield>
    </datafield>
    <datafield tag="300" ind1=" " ind2=" ">
      <subfield code="a">[12], 292 p. :</subfield>
      <subfield code="b">ill. ;</subfield>
      <subfield code="c">in-8.</subfield>
    </datafield>
    <datafield tag="336" ind1=" " ind2=" ">
      <subfield code="a">tekst</subfield>
      <subfield code="b">txt</subfield>
      <subfield code="2">rdacontent/dut</subfield>
    </datafield>
    <datafield tag="337" ind1=" " ind2=" ">
      <subfield code="a">zonder medium</subfield>
      <subfield code="b">n</subfield>
      <subfield code="2">rdamedia/dut</subfield>
    </datafield>
    <datafield tag="338" ind1=" " ind2=" ">
      <subfield code="a">band</subfield>
      <subfield code="b">nc</subfield>
      <subfield code="2">rdacarrier/dut</subfield>
    </datafield>
    <datafield tag="500" ind1=" " ind2=" ">
      <subfield code="a">Heruitgave van de editie: T'Amsterdam, by de wed. J. Loots en I. Swigters, 1735 (overplakt impressum).</subfield>
    </datafield>
    <datafield tag="530" ind1=" " ind2=" ">
      <subfield code="a">Titel is geselecteerd voor digitalisering voor de Universiteit van Amsterdam in het kader van het Google Books-project.</subfield>
    </datafield>
    <datafield tag="700" ind1="1" ind2=" ">
      <subfield code="a">Warius, Pieter,</subfield>
      <subfield code="d">fl. 1708.</subfield>
      <subfield code="1">https://id.oclc.org/worldcat/entity/E39PCjrXCb33GFPfDFkkT9PrVP</subfield>
    </datafield>
    <datafield tag="710" ind1="0" ind2=" ">
      <subfield code="a">Keulen, Johannes van (II, Amsterdam)</subfield>
      <subfield code="4">prt</subfield>
      <subfield code="0">(NL-LeOCL)167612921</subfield>
    </datafield>
    <datafield tag="758" ind1=" " ind2=" ">
      <subfield code="a">De zes eerste, elfde en twaalfde boeken Euclidis, vertonende de voornaamste gronden en eygenschappen der wydberoemde en voortreffelyke meetkonst (Text)</subfield>
      <subfield code="1">https://id.oclc.org/worldcat/entity/E39PCGx8FyCKyXXKTjx9fxcRqP</subfield>
      <subfield code="4">https://id.oclc.org/worldcat/ontology/hasWork</subfield>
    </datafield>
    <datafield tag="776" ind1="0" ind2=" ">
      <subfield code="t">De zes eerste, elfde en twaalfde boeken Euclidis, vertonende de voornaamste gronden en eygenschappen der wydberoemde en voortreffelyke meetkonst</subfield>
      <subfield code="w">(NL-LeOCL)401759792</subfield>
    </datafield>
    <datafield tag="776" ind1="0" ind2=" ">
      <subfield code="t">De zes eerste, elfde en twaalfde boeken Euclidis, vertonende de voornaamste gronden en eygenschappen der wydberoemde en voortreffelyke meetkonst</subfield>
      <subfield code="w">(NL-LeOCL)401759806</subfield>
    </datafield>
    <datafield tag="936" ind1=" " ind2=" ">
      <subfield code="a">BATCHLOAD</subfield>
    </datafield>
  </record>